000
00230nam a22000857a 4500
008
160914b xxu||||| |||| 00| 0 eng d
100
_9
432
_a
Gupta.N.
245
_a
Financial statement-XII
260
_a
New Delhi
_b
Dhanpat Publications
_c
2012
999
_c
3091
_d
3091